Eighteenth-century English porcelain in the collection of the Indianapolis Museum of Art /

Bibliographic Details
Corporate Author: Indianapolis Museum of Art
Other Authors: Lippert, Catherine Beth
Format: Book
Language:English
Published: Indianapolis, Ind. : Bloomington, Ind. : Indianapolis Museum of Art ; Indiana University Press, [1987]
Subjects:

MARC

Tag First Indicator Second Indicator Subfields
LEADER 00000cam a2200000 a 4500
001 in00000034457
005 20151007060726.0
008 880428s1987 inua bc 00010 eng
010 |a  82084076  
020 |a 0936260114 
020 |a 0936260122 (pbk.) 
035 |a (OCoLC)18260674 
035 |9 AAC1586AM 
040 |a DLC  |c DLC  |d TXA  |d UtOrBLW 
043 |a e-uk-en  |a n-us-in 
049 |a TXAM  |c [A11688402] 
050 0 0 |a NK4485  |b .I53 1987 
082 0 |a 738/.0942/074017252  |2 19 
110 2 |a Indianapolis Museum of Art. 
245 1 0 |a Eighteenth-century English porcelain in the collection of the Indianapolis Museum of Art /  |c Catherine Beth Lippert ; [photography, Robert Wallace]. 
264 1 |a Indianapolis, Ind. :  |b Indianapolis Museum of Art ;  |a Bloomington, Ind. :  |b Indiana University Press,  |c [1987] 
264 4 |c ©1987 
300 |a 280 pages :  |b illustrations (some color) ;  |c 29 cm. 
336 |a text  |b txt  |2 rdacontent 
337 |a unmediated  |b n  |2 rdamedia 
338 |a volume  |b nc  |2 rdacarrier 
504 |a Bibliography: pages 278-280. 
650 0 |a Porcelain, English  |y 18th century  |v Catalogs. 
650 0 |a Porcelain  |z Indiana  |z Indianapolis  |x Catalogs. 
610 2 0 |a Indianapolis Museum of Art  |x Catalogs. 
700 1 |a Lippert, Catherine Beth. 
740 0 |a 18th-century English porcelain in the collection of the Indianapolis Museum of Art. 
999 |a MARS 
999 f f |s 1e409770-e245-3fbf-848a-f5fffa4ba1b0  |i 672bc9e9-ebfb-3743-94cc-77281e8baf00  |t 0 
952 f f |p normal  |a Texas A&M University  |b College Station  |c Sterling C. Evans Library  |d Evans: Library Stacks  |t 0  |e NK4485 .I53 1987  |h Library of Congress classification  |i unmediated -- volume  |m A14811688402 
998 f f |a NK4485 .I53 1987  |t 0  |l Evans: Library Stacks